Loading...
| Art - Painting/Sculpture | 0 | 1 | 0 | 0 | 10 | 113 | 113.00 | 0 | 0 |
| Literature - European any | 0 | 1 | 0 | 0 | 10 | 104 | 104.00 | 0 | 0 |
| Other Academic/Cross-Category - Any | 0 | 1 | 0 | 0 | 10 | 97 | 97.00 | 0 | 1 |
| Science - Physics | 0 | 1 | 0 | 0 | 10 | 119 | 119.00 | 0 | 0 |
| History - American | 0 | 1 | 0 | 0 | 10 | 90 | 90.00 | 0 | 0 |
| History - European | 0 | 1 | 0 | 0 | 10 | 82 | 82.00 | 0 | 0 |
| History - Other | 0 | 1 | 0 | 0 | 10 | 85 | 85.00 | 0 | 0 |
| History - World | 0 | 1 | 0 | 0 | 10 | 30 | 30.00 | 1 | 1 |
| Literature - American long fiction | 0 | 1 | 0 | 0 | 10 | 143 | 143.00 | 0 | 0 |
| Science - Chemistry | 0 | 0 | 0 | 0 | 0 | 0.00 | 0 | 0 | |
| Current Events/Modern World - Rest of world political | 0 | 0 | 1 | 0 | -5 | 0.00 | 0 | 0 | |
| Social Science - Law | 0 | 0 | 1 | 0 | -5 | 0.00 | 0 | 0 |